Oceňovanie ako metodický prostriedok účtovníctva podľa nadnárodnej právnej úpravy bakalárska práca

Guardado en:
Detalles Bibliográficos
Autor principal: Hudáková, Magdaléna
Autor Corporativo: Fakulta hospodárskej informatiky EU. Katedra účtovníctva a audítorstva
Otros Autores: Kršíková, Veronika, 1986-
Formato: Libro
Lenguaje:eslovaco
Publicado: Bratislava 2012
Etiquetas: Agregar Etiqueta
Sin Etiquetas, Sea el primero en etiquetar este registro!

MARC

LEADER 00000nbm a2200000 4500
001 0156421
005 20161109111959.6
041 0 |a slo 
044 |a SK 
245 1 0 |a Oceňovanie ako metodický prostriedok účtovníctva podľa nadnárodnej právnej úpravy  |b bakalárska práca  |c Magdaléna Hudáková ; školiteľ: Veronika Kršíková 
264 1 |a Bratislava  |c 2012 
300 |a 38 s. 
100 1 |a Hudáková, Magdaléna 
700 1 |a Kršíková, Veronika, 1986- 
710 2 |a Fakulta hospodárskej informatiky EU. Katedra účtovníctva a audítorstva